[Event "DVM U16 2019"]
[Site "Magedburg"]
[Date "2019.12.28"]
[Round "3"]
[White "Schaefer, Konstantin"]
[Black "Bornholdt, Joa Max"]
[Result "1/2-1/2"]
[WhiteElo "1766"]
[BlackElo "1890"]
[Annotator "NA"]
[PlyCount "101"]
[EventDate "2019.12.27"]
[EventType "team-tourn"]
[EventRounds "7"]
[EventCountry "GER"]
[SourceTitle "playchess.com"]
[Source "ChessBase"]
[SourceQuality "1"]
[WhiteTeam "SG Leipzig"]
[BlackTeam "Lübecker SV"]
[WhiteTeamCountry "GER"]
[BlackTeamCountry "GER"]
[TimeControl "40/5400+30:1800+30"]

1. e4 {[%emt 0:00:00]} e5 {[%emt 0:00:00]} 2. Nf3 {[%emt 0:00:00]} Nc6 {[%emt 0:00:00]} 3. Bc4 {[%emt 0:00:00]} Nf6 {[%emt 0:00:03]} 4. Ng5 {[%emt 0:00:00]} d5 {[%emt 0:00:50]} 5. exd5 {[%emt 0:00:03]} Na5 {[%emt 0:00:06]} 6. Bb5+ {[%emt 0:00:23]} c6 {[%emt 0:00:50]} 7. dxc6 {[%emt 0:00:05]} bxc6 {[%emt 0:00:51]} 8. Bd3 {[%emt 0:00:09] unterminated} Nd5 {[%emt 0:02:06] C58: Two Knights: 4 Ng5 d5 5 exd5 Na5 sidelines} 9. Nf3 {[%emt 0:00:19] unterminated} Bd6 {[%emt 0:05:26]} 10. O-O {[%emt 0:00:20]} O-O {[%emt 0:00:16] unterminated} (10... Nf4 11. Nc3 Nxd3 12. cxd3 O-O 13. b3 c5 14. Ba3 Nc6 15. Ne4 Nb4 16. Bxb4 cxb4 {½-½ (43) Aronian,L (2765)-Ding,L (2805) Saint Louis 2019}) 11. Re1 {[%emt 0:00:46] unterminated} Re8 {[%emt 0:04:07] unterminated} 12. Bf1 {[%emt 0:02:23] unterminated} ({White should try} 12. Nc3 $11) 12... e4 {[%emt 0:04:20] unterminated} 13. Nd4 $1 {[%emt 0:06:51]} Nf6 $146 {[%emt 0:14:43]} ({Predecessor:} 13... Qg5 14. d3 Bxh2+ 15. Kxh2 Qe5+ 16. Kg1 Qxd4 {1-0 (33) Low,Z (2385)-Marchesich,G (2008) Nova Gorica 2019}) 14. h3 {[%emt 0:41:31]} Bc5 {[%emt 0:08:23]} 15. Nb3 {[%emt 0:00:23]} Nxb3 {[%emt 0:00:39]} 16. axb3 {[%emt 0:00:07] unterminated} Qb6 {[%emt 0:01:19] unterminated} 17. Qe2 {[%emt 0:13:57] unterminated} Nd5 {[%emt 0:07:15] unterminated} 18. g3 {[%emt 0:13:37] unterminated} Qc7 {[%emt 0:05:37] unterminated} 19. Kg2 {[%emt 0:03:13] unterminated} Qd7 {[%emt 0:06:59] unterminated} 20. Kh2 {[%emt 0:09:36] unterminated} a5 {[%emt 0:08:25] unterminated} 21. d4 {[%emt 0:03:01]} Bxd4 {[%emt 0:01:23] unterminated} 22. c3 {[%emt 0:00:47]} Bb6 {[%emt 0:01:17] unterminated} 23. Na3 {[%emt 0:00:57] unterminated} Qf5 {[%emt 0:04:10]} 24. Be3 {[%emt 0:00:52]} Nxe3 {[%emt 0:02:04]} 25. fxe3 {[%emt 0:00:04]} Bc7 {[%emt 0:00:20]} 26. Bg2 {[%emt 0:00:42] unterminated} Qg5 {[%emt 0:02:00] unterminated} 27. Qf2 {[%emt 0:00:28]} Re6 {[%emt 0:01:17]} 28. Rf1 {[%emt 0:00:04] unterminated} Rf6 {[%emt 0:00:26]} 29. Qe1 {[%emt 0:00:05] unterminated} Rxf1 {[%emt 0:00:38]} 30. Bxf1 {[%emt 0:00:05]} Be6 {[%emt 0:01:05] unterminated} 31. Bc4 {[%emt 0:01:30] unterminated} h5 {[%emt 0:01:33]} 32. Bxe6 {[%emt 0:00:16]} (32. Qg1 $142 Bf5 33. Nc2) 32... fxe6 {[%emt 0:00:01] unterminated} 33. Rd1 {[%emt 0:03:05] unterminated} h4 {[%emt 0:00:47] unterminated} 34. Kh1 {[%emt 0:00:33]} hxg3 {[%emt 0:01:46]} 35. Nc4 {[%emt 0:00:35]} Qh5 {[%emt 0:04:48]} 36. Kg2 {[%emt 0:00:17]} Rf8 {[%emt 0:00:37]} 37. Rd2 {[%emt 0:00:14] unterminated} g5 {[%emt 0:04:15] unterminated} 38. Qd1 {[%emt 0:00:53] unterminated [#] unterminated} Qf3+ {[%emt 0:00:52]} (38... Rf2+ $142 $1 {[%mdl 512]} 39. Rxf2 Qxd1 40. Rd2 Qf3+ 41. Kg1 {[#]} Bb6 $1 {[%mdl 512]} 42. b4 Bxe3+ 43. Nxe3 Qxe3+ {[%mdl 64] Double Attack} 44. Kg2 Qxd2+ {[%mdl 64] Double Attack} 45. Kxg3 Qf4+ 46. Kg2 e3 47. Kg1 e2 48. Kh1 e1=Q+ 49. Kg2 Qfg3#) 39. Kg1 {[%emt 0:00:11]} g2 {[%emt 0:01:26]} 40. Qxf3 {[%emt 0:00:35]} exf3 {[%emt 0:00:01]} 41. Rf2 {[%emt 0:30:14] unterminated} Bg3 $2 {[%emt 0:31:24] unterminated} (41... Kg7 42. Nd2 {[#]} g4 $1 {[%mdl 512]} 43. Rxg2 fxg2 44. hxg4 Kg6 45. Kxg2 Kg5) 42. Rxf3 {[%emt 0:00:08]} Rxf3 {[%emt 0:00:04]} 43. Kxg2 {[%emt 0:00:03] unterminated} Rf2+ {[%emt 0:00:40]} ({Inferior is} 43... g4 44. hxg4 Rf8 45. Kxg3 $11) 44. Kxg3 {[%emt 0:00:05]} Rc2 {[%emt 0:02:07]} 45. Nxa5 {[%emt 0:00:28]} Rxb2 {[%emt 0:00:15]} 46. b4 {[%emt 0:00:05]} Rc2 {[%emt 0:00:45]} 47. c4 {[%emt 0:00:04]} Kg7 {[%emt 0:00:23]} 48. c5 {[%emt 0:00:06] unterminated} Kf6 {[%emt 0:00:54]} 49. Nxc6 {[%emt 0:01:03]} e5 $11 {[%emt 0:01:02]} 50. Nb8 {[%emt 0:00:00]} Ke6 {[%emt 0:00:00]} 51. Na6 {[%emt 0:00:00] normal} 1/2-1/2

[Event "DVM U16 2019"]
[Site "Magedburg"]
[Date "2019.12.28"]
[Round "3"]
[White "Klaas, Heiko"]
[Black "Seidel, Arne-Christian"]
[Result "1-0"]
[WhiteElo "1759"]
[BlackElo "1636"]
[Annotator "NA"]
[PlyCount "117"]
[EventDate "2019.12.27"]
[EventType "team-tourn"]
[EventRounds "7"]
[EventCountry "GER"]
[SourceTitle "playchess.com"]
[Source "ChessBase"]
[SourceQuality "1"]
[WhiteTeam "Hamburger SK"]
[BlackTeam "Reideburger SV 90 Halle"]
[WhiteTeamCountry "GER"]
[BlackTeamCountry "GER"]
[TimeControl "40/5400+30:1800+30"]

1. e4 {[%emt 0:00:00]} d6 {[%emt 0:00:00]} 2. d4 {[%emt 0:01:07]} Nf6 {[%emt 0:00:04]} 3. Nc3 {[%emt 0:01:02]} e5 {[%emt 0:00:31]} 4. Nf3 {[%emt 0:02:41]} Nbd7 {[%emt 0:00:14]} 5. Bc4 {[%emt 0:02:21]} Be7 {[%emt 0:00:13]} 6. a4 {[%emt 0:13:23]} O-O {[%emt 0:03:04]} 7. O-O {[%emt 0:02:37]} c6 {[%emt 0:02:29]} 8. Bb3 {[%emt 0:03:10]} exd4 {[%emt 0:03:25]} 9. Qxd4 {[%emt 0:02:27]} Nc5 {[%emt 0:02:50]} 10. Ba2 {[%emt 0:03:20]} Ng4 {[%emt 0:05:32]} 11. Re1 {[%emt 0:06:29]} Bf6 {[%emt 0:00:49]} 12. e5 {[%emt 0:01:30]} Nxe5 {[%emt 0:06:23]} 13. Nxe5 {[%emt 0:00:34]} Bxe5 {[%emt 0:00:02]} 14. Rxe5 {[%emt 0:01:22]} dxe5 {[%emt 0:00:06]} 15. Qxc5 {[%emt 0:00:30]} Qd4 {[%emt 0:00:17]} 16. Be3 {[%emt 0:01:39]} Qxc5 {[%emt 0:05:25]} 17. Bxc5 {[%emt 0:00:03]} Rd8 {[%emt 0:00:08]} 18. Re1 {[%emt 0:00:34]} b6 {[%emt 0:00:33]} 19. Be3 {[%emt 0:05:11]} Bf5 {[%emt 0:02:18]} 20. Bb3 {[%emt 0:00:42]} Kf8 {[%emt 0:01:34]} 21. f3 {[%emt 0:05:36]} f6 {[%emt 0:13:06]} 22. Kf2 {[%emt 0:01:51]} Bg6 {[%emt 0:04:45]} 23. a5 {[%emt 0:07:38]} Rab8 {[%emt 0:00:21]} 24. axb6 {[%emt 0:03:59]} axb6 {[%emt 0:00:03]} 25. Ra1 {[%emt 0:01:07]} Rd7 {[%emt 0:08:09]} 26. Ra6 {[%emt 0:01:31]} c5 {[%emt 0:05:39]} 27. Ba4 {[%emt 0:00:56]} Rdb7 {[%emt 0:03:55]} 28. Bc6 {[%emt 0:03:18]} Re7 {[%emt 0:06:22]} 29. Be4 {[%emt 0:00:47]} f5 {[%emt 0:04:18]} 30. Bd3 {[%emt 0:01:33]} f4 {[%emt 0:03:40]} 31. Bd2 {[%emt 0:02:14]} Bxd3 {[%emt 0:00:06]} 32. cxd3 {[%emt 0:00:12]} Rd7 {[%emt 0:00:07]} 33. Ke2 {[%emt 0:00:29]} g5 {[%emt 0:06:22]} 34. Na4 {[%emt 0:03:39]} Rdb7 {[%emt 0:00:06]} 35. Bc3 {[%emt 0:00:21]} Kf7 {[%emt 0:01:14]} 36. Kd2 {[%emt 0:01:15]} Kf6 {[%emt 0:02:23]} 37. Nxc5 {[%emt 0:00:16]} Rc7 {[%emt 0:00:01]} 38. Ne4+ {[%emt 0:00:19]} Kf5 {[%emt 0:00:30]} 39. h3 {[%emt 0:00:40]} Rd7 {[%emt 0:01:06]} 40. Ba5 {[%emt 0:01:24]} Kg6 {[%emt 0:07:32]} 41. Bxb6 {[%emt 0:31:49]} Kg7 {[%emt 0:31:14]} 42. b4 {[%emt 0:00:06]} h6 {[%emt 0:00:37]} 43. Bc5 {[%emt 0:01:05]} Rbd8 {[%emt 0:00:00]} 44. Ra3 {[%emt 0:00:00]} Rb8 {[%emt 0:00:00]} 45. Kc3 {[%emt 0:00:00]} Rbd8 {[%emt 0:00:00]} 46. Kc4 {[%emt 0:00:00]} Rc8 {[%emt 0:00:00]} 47. Kb5 {[%emt 0:00:00]} Rb7+ {[%emt 0:00:00]} 48. Bb6 {[%emt 0:00:00]} Rcb8 {[%emt 0:00:00]} 49. Ra6 {[%emt 0:00:00]} Rd7 {[%emt 0:00:00]} 50. Nc5 {[%emt 0:00:00]} Rd6 {[%emt 0:00:00]} 51. Ka5 {[%emt 0:00:00]} Rc8 {[%emt 0:00:00]} 52. Bc7 {[%emt 0:00:00]} Rd5 {[%emt 0:00:00]} 53. Kb6 {[%emt 0:00:00]} Re8 {[%emt 0:00:00]} 54. Kc6 {[%emt 0:00:00]} Rd4 {[%emt 0:00:00]} 55. b5 {[%emt 0:00:00]} e4 {[%emt 0:00:00]} 56. dxe4 {[%emt 0:00:00]} Rc4 {[%emt 0:00:00]} 57. b6 {[%emt 0:00:00]} Re7 {[%emt 0:00:00]} 58. Kd5 {[%emt 0:00:00]} Rb4 {[%emt 0:00:00]} 59. Ra8 {[%emt 0:00:00] normal} 1-0

[Event "DVM U16 2019"]
[Site "Magedburg"]
[Date "2019.12.28"]
[Round "3"]
[White "Baranyai-Molnar, Adam-Kristof"]
[Black "Biermann, Lenhard"]
[Result "0-1"]
[WhiteElo "1756"]
[BlackElo "2098"]
[Annotator "NA"]
[PlyCount "84"]
[EventDate "2019.12.27"]
[EventType "team-tourn"]
[EventRounds "7"]
[EventCountry "GER"]
[SourceTitle "playchess.com"]
[Source "ChessBase"]
[SourceQuality "1"]
[WhiteTeam "SF Neuberg"]
[BlackTeam "SG Bochum"]
[BlackTeamCountry "GER"]
[TimeControl "40/5400+30:1800+30"]

1. e4 {[%emt 0:00:00]} e6 {[%emt 0:00:00]} 2. d4 {[%emt 0:00:00]} d5 {[%emt 0:00:00]} 3. Nd2 {[%emt 0:00:00]} Be7 {[%emt 0:00:00]} 4. Bd3 {[%emt 0:00:00]} c5 {[%emt 0:00:27]} 5. dxc5 {[%emt 0:00:10]} Bxc5 {[%emt 0:00:23]} (5... Nf6 6. Ngf3 dxe4 7. Nxe4 Nxe4 8. Bxe4 Qxd1+ 9. Kxd1 Bxc5 10. Ke2 Nd7 11. Be3 Bxe3 12. Kxe3 Nc5 13. Rhd1 Ke7 14. Bd3 f6 15. Bc4 Bd7 16. b4 Na4 17. Rxd7+ Kxd7 18. Bb5+ {½-½ (52) Svidler,P (2753)-Yu,Y (2759) Shenzhen 2018}) 6. Ngf3 {[%emt 0:00:24] C03: French Tarrasch: Unusual Black 3rd moves} Nf6 {[%emt 0:02:40] unterminated} 7. e5 {[%emt 0:03:27] unterminated} Nfd7 {[%emt 0:05:10]} 8. O-O {[%emt 0:00:08]} Nc6 {[%emt 0:00:20] unterminated} 9. Nb3 {[%emt 0:02:20] unterminated} Be7 {[%emt 0:00:28] unterminated} 10. Bf4 $146 {[%emt 0:00:17] unterminated} ({Predecessor:} 10. Re1 O-O 11. c3 f6 12. exf6 Nxf6 13. Nbd4 Nxd4 14. cxd4 {½-½ (52) Ballester Sanz,J (2170)-Rodriguez Valencoso,J (2159) Valencia 2014}) 10... g5 {[%emt 0:04:07] unterminated} 11. Bg3 {[%emt 0:01:10]} h5 {[%emt 0:23:47]} 12. h3 {[%emt 0:02:10]} g4 {[%emt 0:03:46]} 13. Nfd4 {[%emt 0:00:25]} gxh3 {[%emt 0:01:01]} 14. Nxc6 {[%emt 0:00:44]} bxc6 {[%emt 0:00:32]} 15. gxh3 {[%emt 0:00:36]} c5 {[%emt 0:04:13]} 16. Be2 {[%emt 0:00:17]} h4 {[%emt 0:12:10]} 17. Bh2 {[%emt 0:00:10]} Bb7 {[%emt 0:00:20]} 18. f4 {[%emt 0:00:24] unterminated} Qb6 {[%emt 0:01:59]} 19. c3 {[%emt 0:01:08] unterminated} d4 {[%emt 0:16:13] unterminated} 20. Bf3 {[%emt 0:00:16] unterminated} Rd8 {[%emt 0:01:44] unterminated} 21. Bxb7 {[%emt 0:08:41]} Qxb7 {[%emt 0:00:09]} 22. Qf3 {[%emt 0:00:05] unterminated} Qxf3 {[%emt 0:06:07]} 23. Rxf3 {[%emt 0:00:06] unterminated} Nb6 {[%emt 0:02:18]} 24. Kf1 {[%emt 0:00:40] unterminated} dxc3 {[%emt 0:07:57] unterminated} 25. bxc3 {[%emt 0:00:48]} Nc4 {[%emt 0:00:50]} 26. Ke2 {[%emt 0:02:00]} a5 {[%emt 0:04:49]} 27. Bg1 {[%emt 0:01:26]} a4 {[%emt 0:00:13]} 28. Nxc5 {[%emt 0:01:05]} Rd2+ {[%emt 0:00:13] unterminated} 29. Ke1 {[%emt 0:00:18]} Rg8 {[%emt 0:01:24] unterminated} 30. Bd4 {[%emt 0:01:34] unterminated} Bxc5 {[%emt 0:00:49]} 31. Bxc5 {[%emt 0:00:04]} Rgg2 {[%emt 0:00:19] unterminated} 32. Rf2 {[%emt 0:23:09]} Rg1+ {[%emt 0:00:33]} 33. Rf1 {[%emt 0:00:04]} Rg3 {[%emt 0:00:49]} 34. Rf2 {[%emt 0:00:25]} Rxf2 {[%emt 0:00:34]} 35. Kxf2 {[%emt 0:00:46]} Rxh3 {[%emt 0:00:29]} 36. Bd4 {[%emt 0:00:40]} Rh2+ {[%emt 0:00:19]} 37. Kf3 {[%emt 0:02:40]} a3 {[%emt 0:00:39]} 38. Kg4 {[%emt 0:01:18]} Kd7 {[%emt 0:00:33]} 39. f5 {[%emt 0:00:59]} Kc6 {[%emt 0:00:21]} 40. f6 {[%emt 0:00:12]} Kd5 {[%emt 0:00:23] unterminated} 41. Kf4 {[%emt 0:31:50] unterminated} Re2 {[%emt 0:07:12] unterminated} 42. Kf3 $19 {[%emt 0:04:19]} Rc2 {[%emt 0:09:06] normal} 0-1

[Event "DVM U16 2019"]
[Site "Magedburg"]
[Date "2019.12.28"]
[Round "3"]
[White "Engert, Kiyan"]
[Black "Lohvinov, Petro"]
[Result "0-1"]
[WhiteElo "1730"]
[BlackElo "2032"]
[Annotator "NA"]
[PlyCount "84"]
[EventDate "2019.12.27"]
[EventType "team-tourn"]
[EventRounds "7"]
[EventCountry "GER"]
[SourceTitle "playchess.com"]
[Source "ChessBase"]
[SourceQuality "1"]
[WhiteTeam "Biebertaler SF"]
[BlackTeam "SK München Südost"]
[WhiteTeamCountry "GER"]
[BlackTeamCountry "UKR"]
[TimeControl "40/5400+30:1800+30"]

1. d4 Nf6 2. c4 g6 3. Nf3 Bg7 4. g3 O-O 5. Bg2 d6 6. O-O Nbd7 7. Nc3 e5 8. e4 exd4 9. Nxd4 Re8 {unterminated} 10. h3 a6 {unterminated} 11. Kh2 {unterminated E68: King's Indian: Fianchetto: 6...Nbd7 7 0-0 e5 8 e4} (11. Be3 Rb8 12. b3 Nc5 13. Qc2 Bd7 14. b4 Ne6 15. Nb3 Qc8 16. Kh2 b5 17. c5 Nd8 18. Rad1 Nc6 19. a3 Ne5 {½-½ (53) Matlakov,M (2718)-Adhiban,B (2655) Wijk aan Zee 2018}) 11... Rb8 {unterminated} 12. f4 {unterminated} c5 13. Nc2 $146 ({Predecessor:} 13. Nf3 Nxe4 14. Nxe4 Rxe4 15. Qxd6 Qb6 16. Qd3 Nf6 17. Ne5 Rd4 18. Qb3 Qc7 {½-½ (60) Wiebe,P (1998)-Gross,D (2146) Bad Bevensen 1994}) 13... b5 14. cxb5 axb5 15. Qxd6 b4 16. e5 bxc3 17. bxc3 Nh5 {unterminated} 18. g4 Bf8 {unterminated} 19. Qd3 {unterminated} Ng7 20. Ne3 {unterminated} Nb6 {unterminated} 21. Qc2 {unterminated} c4 {unterminated} 22. a4 {unterminated} Bb7 {unterminated} 23. Bxb7 Rxb7 {unterminated} 24. Qe4 {unterminated} Rd7 {unterminated} 25. a5 {unterminated} Nd5 {unterminated} 26. Nxc4 {unterminated} Nxc3 {unterminated} 27. Qc2 {unterminated} Nb5 {unterminated} 28. Be3 {unterminated} Ne6 29. a6 Ned4 {unterminated} 30. Qb2 {unterminated} Re6 $4 (30... Bc5 $19 31. Ra5 Rd5) 31. Bxd4 $1 Nxd4 {unterminated} 32. a7 {unterminated} Qa8 33. Nb6 {unterminated} Rb7 34. Nxa8 Rxb2+ {unterminated} 35. Kh1 Nb5 {unterminated} 36. Rfc1 {unterminated} Re8 (36... Re7 $5 37. Nc7 $8 Nxa7 $11) 37. Nc7 Nxc7 38. Rxc7 Ra8 39. Rd1 {unterminated} Rf2 40. Rb1 {unterminated} Ra2 $1 {unterminated} 41. Rbb7 {unterminated} Rd8 42. Rb1 $17 (42. Rd7 $11 Re8 43. g5 (43. Rxf7 g5 $11)) 42... Rd3 {normal} 0-1

[Event "DVM U16 2019"]
[Site "Magedburg"]
[Date "2019.12.28"]
[Round "3"]
[White "Peschel, Julia"]
[Black "Ponomarev, Maximilian"]
[Result "0-1"]
[WhiteElo "1384"]
[BlackElo "2046"]
[Annotator "NA RC"]
[PlyCount "82"]
[EventDate "2019.12.27"]
[EventType "team-tourn"]
[EventRounds "7"]
[EventCountry "GER"]
[SourceTitle "playchess.com"]
[Source "ChessBase"]
[SourceQuality "1"]
[WhiteTeam "Biebertaler SF"]
[BlackTeam "SK München Südost"]
[WhiteTeamCountry "GER"]
[BlackTeamCountry "GER"]
[TimeControl "40/5400+30:1800+30"]

1. e4 c5 2. c3 d5 3. exd5 Qxd5 4. d4 Nf6 5. Nf3 e6 6. Be3 Be7 7. dxc5 Qxd1+ 8. Kxd1 O-O {unterminated} 9. b4 a5 {unterminated} 10. Bc4 Ng4 {unterminated} 11. Bd4 (11. Nbd2 $11) 11... Nc6 12. Ke2 axb4 13. Rd1 e5 14. Be3 Nxe3 15. fxe3 e4 16. Nd4 Bg4+ 17. Ke1 Bxd1 18. Kxd1 bxc3 19. Nxc3 Rad8 20. Ke2 Nxd4+ 21. exd4 Rxd4 {unterminated} 22. Bd5 Bf6 {unterminated} 23. Rd1 {unterminated} Rxd1 24. Nxd1 {unterminated} Bd4 {unterminated} 25. Bxb7 {unterminated} Bxc5 26. Bxe4 Bd4 {unterminated} 27. a4 {unterminated} Bb6 {unterminated} 28. Nb2 Re8 {unterminated} 29. Kf3 Rc8 {unterminated} 30. Bd5 {unterminated} Rc5 31. Ke4 {unterminated} Rc2 32. Nc4 Bg1 {unterminated} 33. Ne3 $19 (33. Kd3 {is a better chance.} Ra2 34. a5) 33... Re2 34. Bc6 Rxe3+ 35. Kf4 Rc3 36. Bb5 Bxh2+ 37. Ke4 Rg3 38. Kd4 Rxg2 39. a5 Bg1+ 40. Kc4 Rg5 41. a6 Rxb5 {normal} 0-1

[Event "DVM U16 2019"]
[Site "Magedburg"]
[Date "2019.12.28"]
[Round "4"]
[White "Nguyen, Alex Dac-Vuong"]
[Black "Huber, Benedikt"]
[Result "1/2-1/2"]
[WhiteElo "2409"]
[BlackElo "2133"]
[Annotator "ChessBase"]
[PlyCount "99"]
[EventDate "2019.12.27"]
[EventType "team-tourn"]
[EventRounds "7"]
[EventCountry "GER"]
[SourceTitle "playchess.com"]
[Source "ChessBase"]
[SourceQuality "1"]
[WhiteTeam "SG Leipzig"]
[BlackTeam "SK München Südost"]
[WhiteTeamCountry "GER"]
[BlackTeamCountry "GER"]
[TimeControl "40/5400+30:1800+30"]

1. e4 {[%emt 0:00:00]} c5 {[%emt 0:00:00]} 2. Nf3 {[%emt 0:00:00]} e6 {[%emt 0:00:04]} 3. d4 {[%emt 0:00:00]} cxd4 {[%emt 0:00:09]} 4. Nxd4 {[%emt 0:00:00]} Nc6 {[%emt 0:00:13]} 5. Nb5 {[%emt 0:00:00]} d6 {[%emt 0:00:36]} 6. c4 {[%emt 0:00:05]} Nf6 {[%emt 0:00:46]} 7. N1c3 {[%emt 0:00:20]} a6 {[%emt 0:00:30]} 8. Na3 {[%emt 0:00:08]} Be7 {[%emt 0:00:23]} 9. Be2 {[%emt 0:00:11]} O-O {[%emt 0:00:19]} 10. O-O {[%emt 0:00:16]} b6 {[%emt 0:00:47]} 11. Be3 {[%emt 0:00:09]} Bb7 {[%emt 0:00:15]} 12. Qb3 {[%emt 0:01:42]} Nd7 {[%emt 0:00:13]} 13. Rfd1 {[%emt 0:00:12]} Nc5 {[%emt 0:00:13]} 14. Qc2 {[%emt 0:02:12]} Bf6 {[%emt 0:00:46]} 15. f3 {[%emt 0:00:22]} Qe7 {[%emt 0:09:46]} 16. Rac1 {[%emt 0:01:58]} Rac8 {[%emt 0:16:53]} 17. Qd2 {[%emt 0:00:26]} Rfd8 {[%emt 0:00:46]} 18. Nc2 {[%emt 0:06:56]} a5 {[%emt 0:07:54]} 19. Na1 {[%emt 0:19:52]} Ba6 {[%emt 0:15:33]} 20. Bf1 {[%emt 0:04:56]} Qc7 {[%emt 0:11:12]} 21. Nb3 {[%emt 0:13:06]} Nxb3 {[%emt 0:04:40]} 22. axb3 {[%emt 0:00:06]} Nb4 {[%emt 0:00:24]} 23. Na4 {[%emt 0:02:25]} Rb8 {[%emt 0:00:13]} 24. Qf2 {[%emt 0:00:09]} Qc6 {[%emt 0:07:06]} 25. Bxb6 {[%emt 0:05:54]} Rd7 {[%emt 0:00:52]} 26. Be3 {[%emt 0:01:02]} Rdb7 {[%emt 0:03:46]} 27. Nc3 {[%emt 0:01:00]} Qc7 {[%emt 0:00:55]} 28. Nb5 {[%emt 0:03:11]} Bxb5 {[%emt 0:00:57]} 29. cxb5 {[%emt 0:00:05]} Qe7 {[%emt 0:00:40]} 30. Qd2 {[%emt 0:00:37]} d5 {[%emt 0:02:04]} 31. Bc5 {[%emt 0:00:46]} Qe8 {[%emt 0:00:03]} 32. Bd6 {[%emt 0:00:52]} Rc8 {[%emt 0:00:15]} 33. e5 {[%emt 0:00:52]} Rxc1 {[%emt 0:00:31]} 34. Rxc1 {[%emt 0:00:16]} Bd8 {[%emt 0:00:16]} 35. Qd4 {[%emt 0:02:38]} h6 {[%emt 0:01:29]} 36. Bc5 {[%emt 0:13:40]} Qd7 {[%emt 0:01:02]} 37. f4 {[%emt 0:01:09]} g6 {[%emt 0:00:47]} 38. g3 {[%emt 0:02:20]} Kg7 {[%emt 0:00:46]} 39. Kg2 {[%emt 0:00:19]} h5 {[%emt 0:00:39]} 40. Be2 {[%emt 0:00:08]} h4 {[%emt 0:00:41]} 41. Qf2 {[%emt 0:35:31]} hxg3 {[%emt 0:32:07]} 42. hxg3 {[%emt 0:00:30]} Be7 {[%emt 0:00:33]} 43. b6 {[%emt 0:04:33]} Bd8 {[%emt 0:01:06]} 44. g4 {[%emt 0:00:00]} d4 {[%emt 0:00:00]} 45. Bxd4 {[%emt 0:00:00]} Nd5 {[%emt 0:00:00]} 46. g5 {[%emt 0:00:00]} Bxb6 {[%emt 0:00:00]} 47. Bxb6 {[%emt 0:00:20]} Rxb6 {[%emt 0:00:00]} 48. Bc4 {[%emt 0:00:26]} Qb7 {[%emt 0:00:00]} 49. Kg3 {[%emt 0:00:19]} Ne7 {[%emt 0:00:00]} 50. Kg4 {[%emt 0:02:37] normal} 1/2-1/2

[Event "DVM U16 2019"]
[Site "Magedburg"]
[Date "2019.12.28"]
[Round "4"]
[White "Köllner, Ruben Gideon"]
[Black "Post, Hugo"]
[Result "1-0"]
[WhiteElo "2330"]
[BlackElo "2181"]
[Annotator "NA"]
[PlyCount "45"]
[EventDate "2019.12.27"]
[EventType "team-tourn"]
[EventRounds "7"]
[EventCountry "GER"]
[SourceTitle "playchess.com"]
[Source "ChessBase"]
[SourceQuality "1"]
[WhiteTeam "SG Bochum"]
[BlackTeam "Reideburger SV 90 Halle"]
[BlackTeamCountry "GER"]
[TimeControl "40/5400+30:1800+30"]

1. d4 {[%emt 0:00:00]} Nf6 {[%emt 0:00:00]} 2. Bg5 {[%emt 0:00:00]} Ne4 {[%emt 0:00:11]} 3. Bf4 {[%emt 0:00:00]} d5 {[%emt 0:00:20]} 4. e3 {[%emt 0:00:00]} c5 {[%emt 0:00:36]} 5. Bd3 {[%emt 0:00:05]} Nf6 {[%emt 0:00:33]} 6. c3 {[%emt 0:00:33]} Nc6 {[%emt 0:00:39]} 7. Nd2 {[%emt 0:00:38]} Qb6 {[%emt 0:00:58]} 8. Rb1 {[%emt 0:02:46]} Bg4 {[%emt 0:05:11]} 9. Ngf3 {[%emt 0:07:28]} e6 {[%emt 0:01:51]} 10. Qa4 {[%emt 0:06:44]} Be7 {[%emt 0:21:49]} 11. Ne5 {[%emt 0:02:55]} O-O {[%emt 0:12:44]} 12. Bg5 {[%emt 0:06:24]} cxd4 {[%emt 0:15:21]} 13. cxd4 {[%emt 0:12:57]} Nb4 {[%emt 0:02:17]} 14. O-O {[%emt 0:11:34]} Nxd3 {[%emt 0:02:27]} 15. Bxf6 {[%emt 0:08:13]} gxf6 {[%emt 0:07:52]} 16. Nxg4 {[%emt 0:00:06]} Rac8 {[%emt 0:01:27]} 17. Qd1 {[%emt 0:09:17]} f5 {[%emt 0:05:21]} 18. Nh6+ {[%emt 0:04:47]} Kg7 {[%emt 0:00:03]} 19. Qh5 {[%emt 0:00:09]} Qd8 {[%emt 0:00:11]} 20. f4 {[%emt 0:02:38]} Rc2 {[%emt 0:05:59]} 21. Rf3 {[%emt 0:12:22]} Rxd2 {[%emt 0:01:33]} 22. Rh3 {[%emt 0:00:13]} Rg8 {[%emt 0:03:51]} 23. Rg3+ {[%emt 0:00:52] normal} 1-0